logo

Bir Sreshtho Munshi Abdur Rouf Library
Jhenaidah Cadet College

The faerie queene : (Record no. 10465)

MARC details
000 -LEADER
fixed length control field 00628nam a2200229 a 4500
001 - CONTROL NUMBER
JCCL Control Number 10465
003 - CONTROL NUMBER IDENTIFIER
JCCL marc code BD-JhCC
005 - DATE AND TIME OF LATEST TRANSACTION
control field 20180428182729.0
008 - FIXED-LENGTH DATA ELEMENTS--GENERAL INFORMATION
fixed length control field 180428s1968 usa |||| |||| 000 0 eng d
035 ## - SYSTEM CONTROL NUMBER
system control number (BD-JhCC)10465
040 ## - CATALOGING SOURCE
Original cataloging agency BD-JhCC
Modifying agency BD-JhCC
041 ## - LANGUAGE CODE
Language code of Book eng
082 ## - DEWEY DECIMAL CLASSIFICATION NUMBER
Classification number 821.309
Author mark and Year PRI 1968
100 ## - MAIN ENTRY--PERSONAL NAME
Personal name Priest, Harold Martin;
245 ## - TITLE STATEMENT
Title The faerie queene :
Remainder of title notes ... /
Statement of responsibility, etc Harold Martin Priest
260 ## - PUBLICATION, DISTRIBUTION, ETC. (IMPRINT)
Place of publication, distribution, etc USA :
Name of publisher, distributor, etc Cliffs Notes, Inc.
Date of publication, distribution, etc 1968
300 ## - PHYSICAL DESCRIPTION
Pagination 137 p. :
Dimensions 19 cm.
504 ## - BIBLIOGRAPHY, ETC. NOTE
Bibliography, etc Includes bibliography
650 ## - SUBJECT ADDED ENTRY--TOPICAL TERM
Topical term or geographic name as entry element Faerie queene (Spenser, Edmund)
650 ## - SUBJECT ADDED ENTRY--TOPICAL TERM
Topical term or geographic name as entry element Study guides
942 ## - ADDED ENTRY ELEMENTS (KOHA)
Source of classification or shelving scheme Dewey Decimal Classification
Koha item type Books
Holdings
Source of classification or shelving scheme Damaged status Not for loan Home library Current library Shelving location Date of accession Cost, normal purchase price Total Checkouts Full call number Barcode Date last seen Copy number Koha item type
Dewey Decimal Classification     JCC Rouf Library JCC Rouf Library General Stacks 04/28/2018 1.00   821.309 PRI 1968 14030 04/28/2018 C-1 Books
Dewey Decimal Classification     JCC Rouf Library JCC Rouf Library General Stacks 04/28/2018 1.00   821.309 PRI 1968 14029 04/28/2018 C-2 Books

JCC Library | Contacts | JCC Home

Last Update on 23 September 2017
Copyright @ 2017-2020 JCC Rouf Library
Rouf Library, Jhenidah Cadet College (JCC), Bangladesh